La idea como arte : documentos sobre el arte conceptual /

Guardado en:
Autor Principal: Battkock, Gregory, Ed.
Formato: Libro
Publicado: Barcelona : Gustavo Gili, 1977
Materias:
Etiquetas: Agregar Etiqueta
Sin Etiquetas, Sea el primero en etiquetar este registro!
LEADER 00495nam a22001575a 4500
001 EHU.bham005694
003 AR-BHAM
005 20090430110850.0
008 130507s1977##################000#0#####d
082 7 0 |a 701 
100 1 |a Battkock, Gregory, Ed. 
245 1 0 |a La idea como arte :  |b documentos sobre el arte conceptual /  |c Gregory, Ed. Battkock. 
260 |a Barcelona :  |b Gustavo Gili,  |c 1977 
300 |a 156 p. 
653 |a Arte-filosofia del 
859 |a AR-BHAM  |b BIB. HUMANIDADES - General  |h 701  |i B321  |p 3.93  |t Ej.1